000 00469nam a22001457a 4500
020 _qHB.
040 _cFIZZA ISHAQ
082 _a345
_bSTR
100 _aStrayer, Joseph R. ; Munro, Dana C.
_9134381
245 _aThe Middle Ages, 395-1500 /
_c Joseph R.Strayer , Dana C. Munro.
250 _a4th edition.
260 _aNew York :
_bAppleton-Century-Crofts, Inc.,
_c1959.
300 _axiii , 597 P. ; illustrations, maps ;
_c9.4 x 6.4 x 1.2 inches
942 _2ddc
_cBK
999 _c617359
_d617359